Dictionary of new words / (Record no. 587072)

000 -LEADER
fixed length control field 00384nam a22001457a 4500
020 ## - INTERNATIONAL STANDARD BOOK NUMBER
International Standard Book Number 8182746329
082 ## - DEWEY DECIMAL CLASSIFICATION NUMBER
Classification number 423 THO
100 ## - MAIN ENTRY--PERSONAL NAME
Personal name Willy, Thomas
245 ## - TITLE STATEMENT
Title Dictionary of new words /
Statement of responsibility, etc. Thomas Willy
260 ## - PUBLICATION, DISTRIBUTION, ETC.
Place of publication, distribution, etc. New Delhi :
Name of publisher, distributor, etc. Pentagon press,
Date of publication, distribution, etc. 2004.
300 ## - PHYSICAL DESCRIPTION
Extent 255 p. ;
Dimensions 20 cm.
942 ## - ADDED ENTRY ELEMENTS (KOHA)
Source of classification or shelving scheme
Koha item type Book
Holdings
Withdrawn status Lost status Source of classification or shelving scheme Damaged status Not for loan Permanent Location Current Location Shelving location Date acquired Source of acquisition Full call number Barcode Date last seen Price effective from Non-public note Koha item type Public note
  Write Off       NUST Creative Learning School & College (NCLS&C) NUST Creative Learning School & College (NCLS&C) Dictionaries 12/06/2021 Academic Books Company 423 THO CL-790 12/06/2021 12/06/2021 Transferred vide IV No. 0937/02/CL dated 11-02-2022 RV No. 74/Adm/NCLS&C dated 17-02-2022 and 0937/02/CL dated 23-02-2022 RV No. 79/Adm/NCLS&C dated 25-02-2022 Book 0937/02/CL, 02-11-2022 Shifted to NCLS&C
© 2023 Central Library, National University of Sciences and Technology. All Rights Reserved.